Ideología: cuestiones teóricas y metodológicas para su estudio

Сохранить в:
Библиографические подробности
Главный автор: Gálvez Borrell, Víctor
Формат: Текст
Опубликовано: Guatemala: USAC
Метки: Добавить метку
Нет меток, Требуется 1-ая метка записи!

MARC

LEADER 00000 a a2200000 04500
001 21051
003
040
090 |a 090900  
100 |a Gálvez Borrell, Víctor  
245 |a Ideología: cuestiones teóricas y metodológicas para su estudio  
260 |a Guatemala:   |b USAC  
300 |a 15 p.  
999 |c 12719  |d 12719